[Event "Titled Tuesday intern op 16th Apr Early"]
[Site "Chess.com INT"]
[Date "2024.04.16"]
[Round "7"]
[White "Rogov, Matfey"]
[Black "Rosh, Jain"]
[Result "0-1"]
[WhiteElo "2191"]
[BlackElo "2131"]
[PlyCount "148"]
[EventDate "2024.04.16"]
[EventType "swiss (blitz)"]
[EventRounds "11"]
[EventCountry "USA"]
[SourceTitle "CB17_2024"]
[SourceDate "2024.04.24"]
[SourceVersion "1"]
[SourceVersionDate "2024.04.24"]
[SourceQuality "1"]

1. e4 e5 2. Nf3 Nc6 3. c3 Nf6 4. d4 d6 5. Bb5 Bd7 6. 0-0 Be7 7. Re1 0-0 8. Bg5 h6 9. Bxf6 Bxf6 10. d5 Nb8 11. Bxd7 Nxd7 12. g3 g6 13. c4 Bg7 14. Nh4 a5 15. b3 Kh7 16. Nc3 f5 17. exf5 gxf5 18. Nb5 Rc8 19. Na7 Ra8 20. Nb5 Rc8 21. Qc2 Qf6 22. Rad1 Kg8 23. Qe2 Nc5 24. Qd2 f4 25. Qxa5 fxg3 26. fxg3 Qf2+ 27. Kh1 Ra8 28. Na7 Nd7 29. c5 Nxc5 30. Rf1 Qxf1+ 31. Rxf1 Rxf1+ 32. Kg2 Rf7 33. b4 Ne4 34. g4 Rf2+ 35. Kg1 Raf8 36. Nf5 Rf4 37. h3 Ng5 38. Qxc7 Nxh3+ 39. Kh2 Rxg4 40. Ne7+ Kh7 41. Kxh3 Rg5 42. Qxd6 Rf3+ 43. Kh4 Rf4+ 44. Kh3 Rf3+ 45. Kh4 Rf1 46. Qe6 Rh1+ 47. Qh3 Bf6 48. Qxh1 Rg1+ 49. Kh3 Rxh1+ 50. Kg2 Rd1 51. Nac8 Bxe7 52. Nxe7 Kg7 53. d6 Kf6 54. Ng8+ Ke6 55. Nxh6 Rxd6 56. Kf3 Rd4 57. a3 Rh4 58. Ng4 e4+ 59. Kf4 Rxg4+ 60. Kxg4 Ke5 61. Kg3 Kd4 62. Kf2 Kd3 63. Ke1 b5 64. Kd1 Kc3 65. Ke2 Kb3 66. Ke3 Kxa3 67. Kxe4 Kxb4 68. Kd3 Ka3 69. Kc2 b4 70. Kb1 Kb3 71. Ka1 Kc2 72. Ka2 b3+ 73. Ka3 b2 74. Ka2 b1Q+ 0-1

[Event "Titled Tuesday intern op 16th Apr Early"]
[Site "Chess.com INT"]
[Date "2024.04.16"]
[Round "1"]
[White "Volkov, Maksim"]
[Black "Rosh, Jain"]
[Result "1-0"]
[WhiteElo "2340"]
[BlackElo "2131"]
[PlyCount "85"]
[EventDate "2024.04.16"]
[EventType "swiss (blitz)"]
[EventRounds "11"]
[EventCountry "USA"]
[SourceTitle "CB17_2024"]
[SourceDate "2024.04.24"]
[SourceVersion "1"]
[SourceVersionDate "2024.04.24"]
[SourceQuality "1"]

1. d4 Nf6 2. c4 e6 3. g3 d5 4. Bg2 Be7 5. Nf3 0-0 6. Nc3 b6 7. cxd5 exd5 8. 0-0 Bb7 9. b3 Nbd7 10. Bb2 Ne4 11. Rc1 a6 12. e3 f5 13. Ne2 Bd6 14. Nf4 Bxf4 15. exf4 c5 16. a3 Rc8 17. dxc5 bxc5 18. b4 cxb4 19. axb4 Nb6 20. Qd4 Nf6 21. Ne5 Nbd7 22. Nd3 a5 23. b5 Qe7 24. Qa7 Ba8 25. Qxa5 Rxc1 26. Rxc1 Ne4 27. Ba3 Nd6 28. Qc7 Rf6 29. Ne5 Re6 30. Qxd7 Rxe5 31. Qxe7 Rxe7 32. Bxd6 Rd7 33. Rc8+ Kf7 34. Rxa8 Rxd6 35. Ra6 Rd8 36. b6 d4 37. b7 d3 38. Ra8 Rd7 39. b8Q d2 40. Qf8+ Kg6 41. Ra6+ Kh5 42. Qxf5+ g5 43. Qxg5# 1-0

[Event "Titled Tuesday intern op 02nd Apr Early"]
[Site "Chess.com INT"]
[Date "2024.04.02"]
[Round "5"]
[White "Quirke, Jeffrey"]
[Black "Rosh, Jain"]
[Result "1/2-1/2"]
[WhiteElo "1992"]
[BlackElo "2131"]
[PlyCount "101"]
[EventDate "2024.04.02"]
[EventType "swiss (blitz)"]
[EventRounds "11"]
[EventCountry "USA"]
[SourceTitle "CB15_2024"]
[SourceDate "2024.04.10"]
[SourceVersion "1"]
[SourceVersionDate "2024.04.10"]
[SourceQuality "1"]

1. e4 c5 2. c3 d5 3. exd5 Qxd5 4. d4 Nf6 5. Nf3 Nc6 6. Be2 e6 7. Be3 cxd4 8. cxd4 Bb4+ 9. Nc3 0-0 10. 0-0 Qd8 11. Qb3 Be7 12. Rfd1 b6 13. d5 exd5 14. Nxd5 Nxd5 15. Rxd5 Qc7 16. Rdd1 Bb7 17. Rac1 Rac8 18. Qc2 Rfd8 19. Rxd8+ Qxd8 20. Qf5 Bf6 21. Rd1 Qf8 22. b3 Ne7 23. Qg4 Bc6 24. h4 g6 25. h5 Nf5 26. Bg5 Bg7 27. hxg6 hxg6 28. Bc4 b5 29. Bf1 Qc5 30. Nh4 Re8 31. Nxf5 gxf5 32. Qh4 Qc2 33. Rd8 Rxd8 34. Bxd8 Qxa2 35. Bf6 Qd2 36. Qg3 Qh6 37. Bxg7 Qxg7 38. Qb8+ Kh7 39. Qxa7 Qg6 40. Qe3 Be4 41. Qc5 Kg7 42. Qxb5 f4 43. Qe5+ Kh7 44. Qxf4 Bd5 45. Qe3 Kg7 46. Bd3 Qf6 47. Qg3+ Kf8 48. Qb8+ Kg7 49. Qg3+ Kh6 50. Qh3+ Kg7 51. Qg3+ 1/2-1/2

[Event "Titled Tuesday intern op 02nd Apr Early"]
[Site "Chess.com INT"]
[Date "2024.04.02"]
[Round "8"]
[White "Recuero Guerra, Javier"]
[Black "Rosh, Jain"]
[Result "0-1"]
[WhiteElo "2152"]
[BlackElo "2131"]
[PlyCount "80"]
[EventDate "2024.04.02"]
[EventType "swiss (blitz)"]
[EventRounds "11"]
[EventCountry "USA"]
[SourceTitle "CB15_2024"]
[SourceDate "2024.04.10"]
[SourceVersion "1"]
[SourceVersionDate "2024.04.10"]
[SourceQuality "1"]

1. e4 e5 2. Nf3 Nc6 3. Bb5 a6 4. Ba4 Nf6 5. 0-0 Nxe4 6. Re1 Nc5 7. Bxc6 dxc6 8. Nxe5 Be7 9. d4 Ne6 10. c3 0-0 11. Nd2 Bf6 12. Ndf3 g6 13. Bh6 Ng7 14. Nd2 Re8 15. Ne4 Be6 16. Nxf6+ Qxf6 17. Qd2 Nf5 18. Bg5 Qg7 19. Ng4 Kf8 20. Re5 h5 21. Rxf5 Bxf5 22. Bh6 Bxg4 23. Bxg7+ Kxg7 24. f3 Bf5 25. Kf2 Re7 26. Re1 Rae8 27. Rxe7 Rxe7 28. h3 f6 29. g4 hxg4 30. hxg4 Be6 31. b3 g5 32. f4 Bxg4 33. Kg3 Re2 34. Qd3 f5 35. fxg5 Kg6 36. Kf4 Rf2+ 37. Ke5 Re2+ 38. Kf4 Kh5 39. d5 Re4+ 40. Kg3 f4+ 0-1

[Event "Titled Tuesday intern op 02nd Apr Early"]
[Site "Chess.com INT"]
[Date "2024.04.02"]
[Round "6"]
[White "Rosh, Jain"]
[Black "Abdi, Farzad"]
[Result "1-0"]
[WhiteElo "2131"]
[BlackElo "2068"]
[PlyCount "77"]
[EventDate "2024.04.02"]
[EventType "swiss (blitz)"]
[EventRounds "11"]
[EventCountry "USA"]
[SourceTitle "CB15_2024"]
[SourceDate "2024.04.10"]
[SourceVersion "1"]
[SourceVersionDate "2024.04.10"]
[SourceQuality "1"]

1. e4 c5 2. Nc3 Nc6 3. f4 g6 4. Nf3 Bg7 5. a4 d6 6. Bb5 Bd7 7. d3 Nf6 8. 0-0 0-0 9. Qe1 Nd4 10. Qf2 Nxf3+ 11. Qxf3 Bxb5 12. Nxb5 a6 13. Nc3 Nd7 14. a5 Nb8 15. Nd5 Nc6 16. Nb6 Rb8 17. Nc4 Nd4 18. Qf2 d5 19. exd5 Qxd5 20. Be3 Rfe8 21. Rae1 e5 22. fxe5 Rxe5 23. Nxe5 Bxe5 24. c3 Ne6 25. Qxf7+ Kh8 26. Bh6 Rd8 27. Bg7+ Bxg7 28. Rxe6 Rf8 29. Qe7 Rxf1+ 30. Kxf1 Qxd3+ 31. Re2 Qb1+ 32. Kf2 Qf5+ 33. Kg3 h5 34. h3 g5 35. Qe8+ Kh7 36. Qxh5+ Kg8 37. Qe8+ Kh7 38. Qe4 Be5+ 39. Qxe5 1-0

[Event "Titled Tuesday intern op 12th Mar Early"]
[Site "Chess.com INT"]
[Date "2024.03.12"]
[Round "2"]
[White "Samarth, J Rao"]
[Black "Rosh, Jain"]
[Result "0-1"]
[WhiteElo "1770"]
[BlackElo "2131"]
[PlyCount "76"]
[EventDate "2024.03.12"]
[EventType "swiss (blitz)"]
[EventRounds "11"]
[EventCountry "USA"]
[SourceTitle "CB12_2024"]
[SourceDate "2023.10.01"]
[SourceVersion "1"]
[SourceVersionDate "2023.10.01"]
[SourceQuality "1"]

1. Nf3 d5 2. c4 d4 3. e3 c5 4. b4 dxe3 5. fxe3 cxb4 6. d4 e6 7. Bd3 Nc6 8. 0-0 Be7 9. Nbd2 Nf6 10. Bb2 0-0 11. e4 Ng4 12. Qe2 Nf6 13. e5 Nh5 14. Be4 Nf4 15. Qe3 Ng6 16. d5 exd5 17. cxd5 Na5 18. d6 Bxd6 19. exd6 Qxd6 20. Rad1 Qb6 21. Bd4 Qc7 22. Rc1 Qf4 23. Bxg6 Qxe3+ 24. Bxe3 hxg6 25. Bc5 Rd8 26. Bxb4 Nc6 27. Bc3 Be6 28. Nb3 Rac8 29. Rfd1 Rxd1+ 30. Rxd1 Ne7 31. Bd4 Nd5 32. Rc1 Rd8 33. Ng5 Nf4 34. Kf1 Bd5 35. Bxa7 Bxg2+ 36. Kg1 Bd5 37. Rd1 f6 38. Nf3 Nh3+ 0-1

[Event "Titled Tuesday intern op 06th Feb Early"]
[Site "Chess.com INT"]
[Date "2024.02.06"]
[Round "1"]
[White "Rosh, Jain"]
[Black "Dubnevych, Maksym"]
[Result "0-1"]
[WhiteElo "2131"]
[BlackElo "2293"]
[PlyCount "52"]
[EventDate "2024.02.06"]
[EventType "swiss (blitz)"]
[EventRounds "11"]
[EventCountry "USA"]
[SourceTitle "CB07_2024"]
[SourceDate "2024.02.14"]
[SourceVersion "1"]
[SourceVersionDate "2024.02.14"]
[SourceQuality "1"]

1. e4 e5 2. Nf3 Nc6 3. Bb5 a6 4. Ba4 Nge7 5. c3 Ng6 6. d4 exd4 7. cxd4 Bb4+ 8. Nc3 d5 9. 0-0 dxe4 10. Nxe4 0-0 11. Bg5 f6 12. Bb3+ Kh8 13. Bd2 Be7 14. Bc3 Bg4 15. h3 Bxf3 16. Qxf3 Nxd4 17. Bxd4 Qxd4 18. Rad1 Qxb2 19. Rd7 Ne5 20. Qf5 Nxd7 21. Qxd7 Qe5 22. Bc2 Rad8 23. Qg4 f5 24. Qh5 g6 25. Qh6 fxe4 26. Re1 Bg5 0-1

[Event "Titled Tuesday intern op 06th Feb Early"]
[Site "Chess.com INT"]
[Date "2024.02.06"]
[Round "2"]
[White "Rosh, Jain"]
[Black "Jeet, Jain"]
[Result "1-0"]
[WhiteElo "2131"]
[BlackElo "2320"]
[PlyCount "67"]
[EventDate "2024.02.06"]
[EventType "swiss (blitz)"]
[EventRounds "11"]
[EventCountry "USA"]
[SourceTitle "CB07_2024"]
[SourceDate "2024.02.14"]
[SourceVersion "1"]
[SourceVersionDate "2024.02.14"]
[SourceQuality "1"]

1. e4 c6 2. Nc3 d5 3. Nf3 dxe4 4. Nxe4 Nf6 5. Qe2 Bf5 6. Nxf6+ gxf6 7. d3 e6 8. Nh4 Bg6 9. g3 Nd7 10. Bg2 Bd6 11. 0-0 Qc7 12. a4 a5 13. c3 Nc5 14. Nxg6 hxg6 15. d4 Nd7 16. c4 f5 17. c5 Be7 18. Bf4 Qc8 19. h4 Nf6 20. Be5 Rh7 21. Qd2 Nd5 22. Bxd5 exd5 23. Rfe1 Kf8 24. Bf4 Bf6 25. Bh6+ Bg7 26. Bg5 Kg8 27. Re2 Bf8 28. Rae1 Qd7 29. Bf6 Qc7 30. Re8 Rc8 31. f4 Qd7 32. Qe3 Rh5 33. Rxc8 Qxc8 34. Qe8 1-0

[Event "Tamil Nadu IM 9th"]
[Site "Chennai"]
[Date "2023.12.14"]
[Round "8"]
[White "Rosh, Jain"]
[Black "Arjun, C Krishnamachari"]
[Result "1-0"]
[WhiteElo "2236"]
[BlackElo "2265"]
[PlyCount "103"]
[EventDate "2023.12.10"]
[EventType "tourn"]
[EventRounds "9"]
[EventCountry "IND"]
[EventCategory "2"]
[SourceTitle "CB51_2023"]
[SourceDate "2023.12.20"]
[SourceVersion "1"]
[SourceVersionDate "2023.12.20"]
[SourceQuality "1"]

1. e4 e5 2. Nf3 Nc6 3. Bb5 g6 4. c3 a6 5. Ba4 Bg7 6. d4 b5 7. Bb3 Nge7 8. dxe5 Nxe5 9. Nxe5 Bxe5 10. Bg5 Bg7 11. f4 h6 12. Bh4 Bb7 13. Nd2 d5 14. exd5 Qd7 15. 0-0 Nf5 16. Re1+ Kf8 17. Bf2 Bxd5 18. Ne4 Bc6 19. Qxd7 Bxd7 20. Rad1 Bc6 21. Bd5 Bxd5 22. Rxd5 Nd6 23. Nxd6 cxd6 24. Rxd6 Kg8 25. Rd7 Bf6 26. Bd4 Bxd4+ 27. Rxd4 Kg7 28. Kf2 Ra7 29. Re5 Rb8 30. Ke3 Rb6 31. Kd3 f5 32. Red5 Re6 33. Rd7+ Rxd7 34. Rxd7+ Kf6 35. Kd2 g5 36. Rd4 gxf4 37. Rxf4 Ke5 38. g3 Rd6+ 39. Kc2 Rc6 40. a4 Kf6 41. axb5 axb5 42. g4 Kg5 43. Rxf5+ Kxg4 44. Rxb5 Kh3 45. Rh5+ Kg4 46. Rd5 Kf3 47. b4 Ke4 48. Rd4+ Ke5 49. Kb3 Ra6 50. Rh4 Rg6 51. b5 Kd5 52. Kb4 1-0

[Event "Tamil Nadu IM 9th"]
[Site "Chennai"]
[Date "2023.12.13"]
[Round "6"]
[White "Rosh, Jain"]
[Black "Fedorov, Alexei"]
[Result "1/2-1/2"]
[WhiteElo "2236"]
[BlackElo "2454"]
[PlyCount "49"]
[EventDate "2023.12.10"]
[EventType "tourn"]
[EventRounds "9"]
[EventCountry "IND"]
[EventCategory "2"]
[SourceTitle "CB51_2023"]
[SourceDate "2023.12.20"]
[SourceVersion "1"]
[SourceVersionDate "2023.12.20"]
[SourceQuality "1"]

1. e4 c5 2. Nc3 a6 3. g3 b5 4. Bg2 Bb7 5. Nge2 e6 6. 0-0 Nf6 7. d3 d6 8. h3 Nbd7 9. Be3 h5 10. f4 Qc7 11. f5 e5 12. Nd5 Bxd5 13. exd5 Be7 14. c4 h4 15. g4 bxc4 16. dxc4 Nh7 17. Qd2 Qd8 18. Nc3 Rb8 19. b3 Bg5 20. Ne4 Bxe3+ 21. Qxe3 Ndf6 22. Nc3 Nd7 23. Ne4 Ndf6 24. Nc3 Nd7 25. Ne4 1/2-1/2

[Event "Budapest SixDays 11 IM"]
[Site "Budapest"]
[Date "2023.11.29"]
[Round "4"]
[White "Rosh, Jain"]
[Black "Dhruva, Thota"]
[Result "0-1"]
[WhiteElo "2248"]
[BlackElo "2192"]
[PlyCount "116"]
[EventDate "2023.11.27"]
[EventType "tourn"]
[EventRounds "9"]
[EventCountry "HUN"]
[SourceTitle "CB49_2023"]
[SourceDate "2023.12.06"]
[SourceVersion "1"]
[SourceVersionDate "2023.12.06"]
[SourceQuality "1"]

1. e4 c5 2. Nc3 d6 3. f4 g6 4. Nf3 Bg7 5. Bb5+ Bd7 6. a4 Nc6 7. d3 a6 8. Bxc6 Bxc6 9. a5 e6 10. 0-0 Ne7 11. Be3 0-0 12. Qe2 Qd7 13. Rad1 Qc7 14. Ra1 d5 15. Bf2 d4 16. Na4 Qxa5 17. Be1 Qc7 18. Nxc5 Qxf4 19. Bg3 Qe3+ 20. Qxe3 dxe3 21. Bd6 Rfe8 22. Bf4 Bxb2 23. Rab1 e2 24. Rfe1 Bc3 25. Rxe2 a5 26. d4 b5 27. Bd2 Bxd2 28. Rxd2 b4 29. Ne5 Red8 30. Kf2 Be8 31. Nf3 Nc8 32. c3 bxc3 33. Rc2 Nd6 34. Rxc3 Nb5 35. Rd3 a4 36. d5 Rdc8 37. Rc1 a3 38. Rdd1 exd5 39. exd5 a2 40. Nb3 Nc3 41. Re1 Nxd5 42. Rxc8 Rxc8 43. Nfd4 Ba4 44. Na1 Rc4 45. Ne2 Rb4 46. Rc1 Rb1 47. g3 Bd1 48. Ke1 Bxe2 49. Kd2 Rb2+ 50. Nc2 Nb4 51. Kxe2 Rxc2+ 52. Rxc2 Nxc2 53. h4 a1Q 54. h5 Qe5+ 55. Kf2 Nd4 56. Kg2 Qe2+ 57. Kh3 Qf1+ 58. Kh2 Nf3# 0-1

[Event "Budapest Vezerkepzo IM 11"]
[Site "Budapest"]
[Date "2023.11.23"]
[Round "8"]
[White "Szalay Ocsak, Bank"]
[Black "Rosh, Jain"]
[Result "1/2-1/2"]
[WhiteElo "2209"]
[BlackElo "2248"]
[PlyCount "77"]
[EventDate "2023.11.16"]
[EventType "tourn"]
[EventRounds "9"]
[EventCountry "HUN"]
[SourceTitle "CB48_2023"]
[SourceDate "2023.11.29"]
[SourceVersion "1"]
[SourceVersionDate "2023.11.29"]
[SourceQuality "1"]

1. e4 c5 2. Nf3 d6 3. d4 cxd4 4. Nxd4 Nf6 5. Nc3 a6 6. Bg5 e6 7. f4 Be7 8. Qf3 Qc7 9. 0-0-0 Nbd7 10. g4 h6 11. Qh3 Rg8 12. Bxf6 Bxf6 13. e5 dxe5 14. Nxe6 fxe6 15. g5 Kf7 16. gxf6 Nxf6 17. fxe5 Qxe5 18. Bd3 Qh5 19. Qf1 Rf8 20. Rg1 Kg8 21. Qg2 Qg5+ 22. Qxg5 hxg5 23. Rxg5 b5 24. Rdg1 Ra7 25. h4 Nh7 26. Re5 Raf7 27. h5 Kh8 28. Bg6 Rf1+ 29. Rxf1 Rxf1+ 30. Kd2 Nf8 31. Ne4 Nxg6 32. hxg6 Rf5 33. Rxf5 exf5 34. Nd6 Be6 35. Ke3 Kg8 36. Kf4 Bxa2 37. Nxf5 a5 38. Nd4 Bc4 39. Ke5 1/2-1/2

[Event "Budapest FS11 IM"]
[Site "Budapest"]
[Date "2023.11.14"]
[Round "9"]
[White "Tan, Jun Ying"]
[Black "Rosh, Jain"]
[Result "1-0"]
[WhiteElo "2326"]
[BlackElo "2248"]
[PlyCount "99"]
[EventDate "2023.11.04"]
[EventType "tourn"]
[EventRounds "9"]
[EventCountry "HUN"]
[SourceTitle "CB47_2023"]
[SourceDate "2023.11.22"]
[SourceVersion "1"]
[SourceVersionDate "2023.11.22"]
[SourceQuality "1"]

1. Nf3 d5 2. e3 Nf6 3. c4 e6 4. b3 Be7 5. Bb2 0-0 6. Nc3 c5 7. cxd5 exd5 8. d4 Nc6 9. Be2 Ne4 10. dxc5 Nxc3 11. Bxc3 Bxc5 12. 0-0 Bf5 13. Qd2 Qd6 14. Rac1 Ba3 15. Rcd1 Rfd8 16. Nd4 Be4 17. Nb5 Qe7 18. Nxa3 Qxa3 19. f3 Bg6 20. Bb5 Qd6 21. Bxc6 Qxc6 22. Qe1 a5 23. Rc1 Qb5 24. Qg3 Qe2 25. f4 f5 26. Bd4 Rd7 27. a4 Qa6 28. Qh4 h6 29. Rc5 Qd3 30. Rc3 Qe2 31. h3 Qa2 32. Rfc1 Qa3 33. Bc5 Qb2 34. Qe1 d4 35. Bxd4 Re8 36. R1c2 Qxc2 37. Rxc2 Rxd4 38. Qxa5 Rd3 39. Qb5 Rexe3 40. b4 Rd1+ 41. Kh2 Re7 42. Rc8+ Kh7 43. Rb8 Rdd7 44. a5 h5 45. h4 Rc7 46. Qd5 Bf7 47. Qxf5+ Bg6 48. Qf8 Kh6 49. f5 Rf7 50. Qd8 1-0

[Event "Budapest FS11 IM"]
[Site "Budapest"]
[Date "2023.11.05"]
[Round "2"]
[White "Pandey, Srishti"]
[Black "Rosh, Jain"]
[Result "1/2-1/2"]
[WhiteElo "2187"]
[BlackElo "2248"]
[PlyCount "108"]
[EventDate "2023.11.04"]
[EventType "tourn"]
[EventRounds "9"]
[EventCountry "HUN"]
[SourceTitle "CB47_2023"]
[SourceDate "2023.11.22"]
[SourceVersion "1"]
[SourceVersionDate "2023.11.22"]
[SourceQuality "1"]

1. e4 c5 2. Nf3 d6 3. d4 cxd4 4. Nxd4 Nf6 5. Nc3 a6 6. Qd3 e6 7. g4 Nxg4 8. Rg1 Nf6 9. Bg5 Be7 10. 0-0-0 Qc7 11. f4 Bd7 12. Nf3 Nc6 13. e5 Nd5 14. Bxe7 Ncxe7 15. Ne4 dxe5 16. fxe5 Nf5 17. Qd2 0-0-0 18. Bh3 Nfe3 19. Nd6+ Kb8 20. Rde1 Nc4 21. Qd4 Nxd6 22. exd6 Qxd6 23. Ne5 Rc8 24. Nxf7 Qxh2 25. Qe5+ Qxe5 26. Nxe5 Rc7 27. Nxd7+ Rxd7 28. Bxe6 Rd6 29. Bxd5 Rxd5 30. Rxg7 Rhd8 31. Rxh7 R8d7 32. Rxd7 Rxd7 33. b4 Ka7 34. Re6 Rh7 35. Kb2 Rh4 36. Kb3 Rh3+ 37. c3 b5 38. Rc6 Kb7 39. Rc5 Kb6 40. a4 bxa4+ 41. Kxa4 a5 42. Rc4 axb4 43. Kxb4 Rh1 44. Rg4 Rh6 45. Re4 Rg6 46. Rh4 Rf6 47. Kc4 Rc6+ 48. Kd3 Rg6 49. Rh8 Rg3+ 50. Kc4 Rg4+ 51. Kb3 Kb5 52. Rh5+ Kc6 53. Ra5 Kb6 54. Ra4 Rxa4 1/2-1/2

[Event "Titled Tuesday intern op 26th Sep Early"]
[Site "Chess.com INT"]
[Date "2023.09.26"]
[Round "10"]
[White "Mejia, Cherry Ann"]
[Black "Rosh, Jain"]
[Result "0-1"]
[WhiteElo "1918"]
[BlackElo "2248"]
[PlyCount "48"]
[EventDate "2023.09.26"]
[EventType "swiss (blitz)"]
[EventRounds "11"]
[EventCountry "USA"]
[SourceTitle "EXT 2024"]
[Source "ChessBase"]
[SourceDate "2023.10.10"]
[SourceVersion "1"]
[SourceVersionDate "2023.10.10"]
[SourceQuality "1"]

1. e4 f5 2. exf5 Nf6 3. d4 d5 4. Bd3 e6 5. fxe6 Bd6 6. Nf3 0-0 7. 0-0 Bxe6 8. h3 Nc6 9. Re1 Qd7 10. Nc3 Rae8 11. Bg5 Nh5 12. Ne5 Nxe5 13. dxe5 Qf7 14. Qe2 Bc5 15. Be3 Nf4 16. Bxf4 Qxf4 17. Rf1 Bxh3 18. Bxh7+ Kxh7 19. Qh5+ Kg8 20. Qxh3 Bxf2+ 21. Kh1 Rxe5 22. Rad1 d4 23. Nb1 Rff5 24. Rxf2 Qxf2 0-1

[Event "Titled Tuesday intern op 19th Sep Early"]
[Site "Chess.com INT"]
[Date "2023.09.19"]
[Round "1"]
[White "Nazari, Arad"]
[Black "Rosh, Jain"]
[Result "1-0"]
[WhiteElo "2363"]
[BlackElo "2248"]
[PlyCount "105"]
[EventDate "2023.09.19"]
[EventType "swiss (blitz)"]
[EventRounds "11"]
[EventCountry "USA"]
[SourceTitle "EXT 2024"]
[Source "ChessBase"]
[SourceDate "2023.10.10"]
[SourceVersion "1"]
[SourceVersionDate "2023.10.10"]
[SourceQuality "1"]

1. e4 c5 2. Nf3 d6 3. Bb5+ Nd7 4. d4 cxd4 5. Qxd4 Ngf6 6. 0-0 g6 7. e5 dxe5 8. Nxe5 Bg7 9. Rd1 0-0 10. Nxd7 Nxd7 11. Qa4 Nb6 12. Rxd8 Rxd8 13. Qf4 Rd1+ 14. Bf1 Nd5 15. Qf3 Rxc1 16. Qxd5 Be6 17. Qd2 Bxb2 18. c3 Bc4 19. Qxc1 Bxc1 20. Nd2 Bxf1 21. Rxc1 Ba6 22. Nb3 Rc8 23. f3 e5 24. Kf2 f6 25. Ke3 b6 26. Nd2 Rd8 27. c4 f5 28. Nb3 Kf7 29. c5 bxc5 30. Rxc5 Re8 31. Ra5 Bc4 32. Rxa7+ Kf6 33. Nd2 Be6 34. a4 Rd8 35. a5 h5 36. Ra6 Rc8 37. Rb6 Rc3+ 38. Ke2 Ra3 39. a6 Ra2 40. h4 Ra3 41. Kd1 Ra2 42. Kc1 Ke7 43. g3 Bd5 44. Rxg6 e4 45. fxe4 fxe4 46. Rg5 Kd6 47. Nb1 e3 48. Rxd5+ Kc6 49. Re5 Kd6 50. Rxe3 Rxa6 51. Nc3 Rc6 52. Kd2 Rc4 53. Re4 1-0

[Event "Titled Tuesday intern op 19th Sep Early"]
[Site "Chess.com INT"]
[Date "2023.09.19"]
[Round "2"]
[White "Rosh, Jain"]
[Black "Blokhin, Sofia"]
[Result "1-0"]
[WhiteElo "2248"]
[BlackElo "1917"]
[PlyCount "105"]
[EventDate "2023.09.19"]
[EventType "swiss (blitz)"]
[EventRounds "11"]
[EventCountry "USA"]
[SourceTitle "EXT 2024"]
[Source "ChessBase"]
[SourceDate "2023.10.10"]
[SourceVersion "1"]
[SourceVersionDate "2023.10.10"]
[SourceQuality "1"]

1. e4 c5 2. Nc3 e6 3. Nge2 a6 4. g3 Nc6 5. Bg2 g6 6. d4 cxd4 7. Nxd4 Bg7 8. Be3 Nge7 9. 0-0 0-0 10. Nxc6 Nxc6 11. f4 d6 12. f5 exf5 13. exf5 Bxf5 14. Nd5 Ne7 15. Bg5 f6 16. Bf4 Nc6 17. c4 Ne5 18. Qb3 Bd3 19. Rfc1 Bf5 20. c5 Kh8 21. Qxb7 Rb8 22. Qxa6 dxc5 23. Bxe5 fxe5 24. Rxc5 Rxb2 25. Rd1 Rxg2+ 26. Kxg2 Be4+ 27. Kg1 Bxd5 28. Rcxd5 Qg5 29. Qe2 Qf5 30. Rf1 Qc8 31. Rxf8+ Bxf8 32. Qxe5+ Bg7 33. Qe3 h6 34. Rd1 Kh7 35. a4 Qc4 36. a5 Qc2 37. Re1 Qb2 38. Qf3 Qd4+ 39. Kh1 Qb4 40. Rf1 Qxa5 41. h4 Qb5 42. Kh2 Qe5 43. Kh3 h5 44. Kg2 Qe6 45. Qf4 Qd5+ 46. Kg1 Qc5+ 47. Kh2 Qd5 48. Qf3 Qc4 49. Rf2 Qd4 50. Re2 Qc5 51. Re6 Qc4 52. Qe4 Qa2+ 53. Kh3 1-0